01016nam a2200301Ia 4500001000700000003000500007008004100012010001100053040000900064082001600073100002500089245005600114260004500170300004000215503002900255650004100284650004400325650003200369650003900401901001600440902000600456910000900462942000600471942000700477999001900484952009800503952011300601Z_3036CHAP220113s1988 xx 000 0 und d a166121 cCHAP a636.0852 P7 aPuls, Robert9140191 aMineral levels in animal health /cby Robert Puls aCanadá :bSherpa International,c1988 a240 p. : bilus. ; gráfs. cuadros aej.1: \ ej.2: fotocopia aAnimalesxElementos minerales 95861 aMinerales en nutrición animal 975937 aMineralogía I. t.9140192 aToxicología veterinaria 9114457 a636.0852 P7 aM a1988 c1 cc1 c166121d166121 00102ddc40708GRALaZbZc1d2005-11-09pz_3117r2022-01-18 00:00:00t1w2022-01-18yLIBRO 00102ddc40708GRALaZbZc1d2005-11-09l2pz_3618r2023-06-27 00:00:00s2023-06-27t2w2022-01-18yLIBRO